000
00334nam a2200133Ia 4500
008
240624s9999 xx 000 0 und d
041
_a
eng
082
_a
330 BAU
100
_a
BAUMOHL BERNARD
245
_a
SECRETS OF ECONOMIC INDICATORS
260
_c
2005
_a
Delhi
_b
Pearson Power
300
_a
xxi, : 366 : p. : cm. ; 24
365
_c
RS
999
_c
3005
_d
3005